| 000 | 00643nam a2200205 i 4500 | ||
|---|---|---|---|
| 001 | 147547 | ||
| 003 | ES-MaACL | ||
| 005 | 20230906202057.0 | ||
| 007 | t| | ||
| 008 | 071003q1952 sp ||||1| spa d | ||
| 100 | 1 |
_aUllman, James Ramsey. _9111929 |
|
| 245 | 1 | 3 |
_aLa Torre Blanca / _cJames Ramsey Ullman ; [versión española de Jaime Potenze]. |
| 260 |
_aBarcelona : _bExito, _c[1952] |
||
| 300 |
_a422 p. : _bil. ; _c20 cm. |
||
| 490 | 1 | _aSelecciones del Círculo Literario | |
| 700 | 1 |
_aPotenze, Jaime. _993375 |
|
| 830 | 0 |
_aSelecciones del Círculo Literario _9187317 |
|
| 852 |
_aES-MaACL _jD-6994 _bR.32104 |
||
| 999 |
_c147547 _d147547 |
||